000 04334nab a2200313 i 4500
003 BR-BrBNA
005 20250306203953.0
008 250306b2021 bl.ar|pooa||| 00| 0 eng |
040 _aBR-BrBNA
_beng
072 _aK10
_b3290
100 _aPinheiro, Romário de Mesquita
100 _aSoares, Vanessa Nogueira
100 _aGadotti, Gizele Ingrid
100 _aSilva, Elson Junior Souza da
100 _aAlmeida, Andréia da Silva
245 _aGERMINATIVE PERFORMANCE OF MULUNGÚ SEEDS (Ormosia grossa RUDD) AFTER DORMANCY OVERCOMING
500 _aPublicação on-line; 33 ref.; 4 illus; Sumaries (En, Pt)
520 _a ABSTRACT – Ormosia grossa Rudd is an Amazonian species that presents bicolor seeds, allowing its exploration for handicraft and decoration making. This paper aimed to analyze the infl uence of diff erent methods to overcome dormancy on the germinative performance of Ormosia grossa seeds. To conduct the experiment, the following treatments were established: T1= scarifi cation with 80-grit sandpaper and water immersion at room temperature for 24 hours; T2= puncturing and water immersion at room temperature for 24 hours; T3= scarifi cation with 80-grit sandpaper; T4= puncturing; T5= immersion in water heated to 80 °C for fi ve minutes, and T6= Control — seeds without any treatment. The seeds germinate slowly and irregularly. Depending on the treatment, germination started between 10 and 32 days and, if there is no adequate pre-germinative treatment to overcome dormancy, it can exceed such time. The phytomass performance and seedling lengths were superior in the T1 and T2 treatments. The scarifi cation by abrasiveness and puncturing treatments are effi cient to overcome dormancy, thus increasing the speed (3.76 and 3.12) and germination percentage (98% and 96%) after ten days. The control was 0.01 (IVG), and germination of 37%. Therefore, it is recommended the method of scarifi cation with sandpaper followed by seed imbibition in water at room temperature for 24 hours, as it provides the best seedling performance and germination. Keywords: Amazonian species, Fabaceae, Integument impermeability.
520 _a RESUMO – Ormosia grossa Rudd é uma espécie amazônica que apresenta sementes bicolores, o que permite sua exploração para confecção de artesanatos e decorações. Esse trabalho teve como objetivo analisar a influência de diferentes métodos de superação de dormência no desempenho germinativo de sementes de Ormosia grossa. Para a condução do experimento, foram estabelecidos tratamentos: T1= escarificação com lixa número 80 e imersão em água à temperatura ambiente por 24 horas; T2 = punção e imersão em água à temperatura ambiente por 24 horas; T3= escarificação com lixa número 80; T4= punção; T5= imersão em água aquecida a 80 °C por cinco minutos e T6= Controle — sementes sem nenhum tratamento. As sementes germinam de forma lenta e irregular. Dependendo do tratamento, a germinação iniciou-se entre 10 a 32 dias e, se não houver tratamento pré-germinativo adequado para superar a dormência, pode ultrapassar esse tempo. O desempenho de fitomassa e comprimentos de plântulas foram superiores nos tratamentos T1 e T2. Os tratamentos com escarificação por abrasividade e perfuração são efi cientes na superação de dormência, aumentando a velocidade (3,76 e 3,12) e o percentual de germinação (98% e 96%), após 10 dias. O controle foi de 0,01 (IVG) e germinação de 37%. Portanto, é recomendado o método de escarificação com lixa seguida de embebição das sementes em água à temperatura ambiente por 24 horas, pois proporciona o melhor desempenho das plântulas e germinação. Palavras-Chave: Espécie Amazônica, Fabaceae, Impermeabilidade do tegumento.
650 _aMULUNGU
650 _aÁRVORE AGIOSPERMA
650 _aSEMENTE
650 _aGERMINAÇÃO
650 _aESCARIFICAÇÃO
773 0 _0812
_9346928
_dViçosa-MG Sociedade de Investigações Florestais - Universidade Federal de Viçosa. Depto. de Engenharia Florestal 1977
_o2024-7726
_tRevista Árvore (Brazil)
_x0100-6762
_gv. 45 p. 1-12; (2021)
_wBR2024004814
856 _uhttps://www.scielo.br/j/rarv/a/FbJXRnp4Pj4cGWPPRsZHBsG/?format=pdf&lang=en
942 _cANA
999 _c330249
_d330249